| LEADER | 01411nam a2200217 u 4500 | ||
|---|---|---|---|
| 001 | 10107222 | ||
| 003 | upatras | ||
| 005 | 20211217094024.0 | ||
| 008 | 061107s gre | ||
| 952 | |0 0 |1 0 |2 ddc |4 0 |6 004_200000000000000_PRI |7 0 |8 NFIC |9 142907 |a LISP |b LISP |c ALFg |d 2016-04-24 |l 0 |o 004.2 PRI |p 025000287243 |r 2016-04-24 00:00:00 |t 1 |v 2016.00 |w 2016-04-24 |y BK15 |x Μεταφορά από Τμ. Μηχανικών ΗΥ & Πληροφορικής | ||
| 952 | |0 0 |1 0 |2 ddc |4 0 |6 004_200000000000000_PRI |7 0 |8 NFIC |9 142908 |a LISP |b LISP |c ALFg |d 2016-04-24 |l 0 |o 004.2 PRI |p 025000287242 |r 2016-04-24 00:00:00 |t 2 |v 2016.00 |w 2016-04-24 |y BK15 |x Μεταφορά από Τμ. Μηχανικών ΗΥ & Πληροφορικής | ||
| 952 | |0 0 |1 0 |2 ddc |4 0 |6 004_220000000000000_MUR |7 0 |9 357056 |a LISP |b LISP |c ALFg |d 2022-02-28 |l 0 |o 004.22 MUR |p 025000287241 |r 2022-02-28 00:00:00 |v 2022.00 |w 2022-02-28 |y BK15 |x Μεταφορά από Τμ. Μηχανικών ΗΥ & Πληροφορικής | ||
| 999 | |c 93441 |d 93441 | ||
| 040 | |a Ινστιτούτο Τεχνολογίας Υπολοστών |c Ινστιτούτο Τεχνολογίας Υπολοστών | ||
| 040 | |a XX-XxUND |c Ινστιτούτο Τεχνολογίας Υπολοστών | ||
| 082 | |a 004.2 | ||
| 245 | 1 | 0 | |a Principles of Computer Architecture |
| 300 | |a σ. | ||
| 852 | |a GR-PaULI |b ΠΑΤΡΑ |b ΤΜΗΥΠ |t 1 | ||
| 852 | |a GR-PaULI |b ΠΑΤΡΑ |b ΤΜΗΥΠ |t 2 | ||
| 942 | |2 ddc |c BK15 | ||